1970s Movies #3 - Statistics

General Stats
  • This quiz has been taken 57 times
  • The average score is 3 of 9
Answer Stats
Hint Answer % Correct
Burglar fights woman with a giant dildo. She exclaims: "Don't touch it! It's a very important work of Art!" A Clockwork Orange
51%
Zombies burst into a shopping mall. Aren't they a bit like us? Dawn of the Dead
51%
Kubrick's moving painting. Barry Lyndon
43%
Jaws is back! (The character, not the movie) Moonraker
40%
A man, in a Waldenesque attempt, sets off to live all by himself in the Wild West. He's played by Robert Redford. Jeremiah Johnson
34%
Two Navy officers are charged with escorting a young, naive sailor to a prison. On the way, they try to teach him life lessons, or at least have some fun with him. (Starring Jack Nicholson and Randy Quaid) The Last Detail
28%
Pam Grier works as a hooker to take revenge for her murdered boyfriend. Foxy Brown
26%
John Carpenter remakes Rio Bravo in a precinct. Assault on Precinct 13
25%
Jodorowsky in the Desert with an umbrella and his naked 6-year-old son. El Topo
15%
No matching quizzes found
Score Distribution
Percent of People with Each Score
Percentile by Number Answered
Your Score History
You have not taken this quiz